City green / (Record no. 6171)

MARC details
000 -LEADER
fixed length control field 00978pam a2200325 a 4500
001 - CONTROL NUMBER
control field 6171
003 - CONTROL NUMBER IDENTIFIER
control field FISKH
005 - DATE AND TIME OF LATEST TRANSACTION
control field 20250826142034.0
008 - FIXED-LENGTH DATA ELEMENTS--GENERAL INFORMATION
fixed length control field 930721s1994 nyua j 000 1 eng
010 ## - LIBRARY OF CONGRESS CONTROL NUMBER
LC control number 93027117
020 ## - INTERNATIONAL STANDARD BOOK NUMBER
International Standard Book Number 068812786X (trade) :
020 ## - INTERNATIONAL STANDARD BOOK NUMBER
International Standard Book Number 0688127878 (library)
040 ## - CATALOGING SOURCE
Original cataloging agency DLC
Transcribing agency DLC
Modifying agency DLC
Language of cataloging eng
050 ## - LIBRARY OF CONGRESS CALL NUMBER
Classification number PZ7.D6224 C
082 ## - DEWEY DECIMAL CLASSIFICATION NUMBER
Classification number 808.068
100 2# - MAIN ENTRY--PERSONAL NAME
Personal name DiSalvo, DyAnne.
245 10 - TITLE STATEMENT
Title City green /
Statement of responsibility, etc. DyAnne DiSalvo-Ryan.
260 ## - PUBLICATION, DISTRIBUTION, ETC.
Place of publication, distribution, etc. New York :
Name of publisher, distributor, etc. Scholastic,
Date of publication, distribution, etc. 1994.
300 ## - PHYSICAL DESCRIPTION
Extent 31 pages :
Other physical details color illustrations ;
Dimensions 26 cm
505 ## - FORMATTED CONTENTS NOTE
Formatted contents note N<br/>
520 ## - SUMMARY, ETC.
Summary, etc. Marcy and Miss Rosa start a campaign to clean up an empty lot and turn it into a community garden.
521 8# - TARGET AUDIENCE NOTE
Target audience note 570<br/>
Source Lexile AD<br/>
521 8# - TARGET AUDIENCE NOTE
Target audience note N<br/>
Source Raz-Plus
650 #1 - SUBJECT ADDED ENTRY--TOPICAL TERM
Topical term or geographic name entry element Community gardens
General subdivision Fiction.
650 #1 - SUBJECT ADDED ENTRY--TOPICAL TERM
Topical term or geographic name entry element Gardens
General subdivision Fiction.
650 #1 - SUBJECT ADDED ENTRY--TOPICAL TERM
Topical term or geographic name entry element City and town life
General subdivision Fiction.
906 ## - LOCAL DATA ELEMENT F, LDF (RLIN)
a 7
b cbc
c orignew
d 1
e ocip
f 19
g y-gencatlg
942 ## - ADDED ENTRY ELEMENTS (KOHA)
Source of classification or shelving scheme Dewey Decimal Classification
Koha item type Books
Suppress in OPAC No
Holdings
Withdrawn status Lost status Source of classification or shelving scheme Damaged status Not for loan Collection Home library Current library Shelving location Date acquired Total Checkouts Full call number Barcode Date last seen Price effective from Koha item type Copy number
    Dewey Decimal Classification     Juvenile Fiction Footprints International School Library Network Toul Kork Campus Footprints International School Library Network Toul Kork Campus TK Primary Library Room(4th Floor), Bookcase 3&4, Shelves 17-32, Yellow Books 03/24/2025   DIS 808.068 PZ7.D6224 C FISTK02467 03/24/2025 03/24/2025 Books  
    Dewey Decimal Classification     Juvenile Fiction Footprints International School Library Network Toul Tom Poung Campus Footprints International School Library Network Toul Tom Poung Campus TTP Primary Yellow Bookshelves 08/20/2025   DIS 808.068 PZ7.D6224 C FIS02290 08/20/2025 08/20/2025 Books 2
    Dewey Decimal Classification     Juvenile Fiction Footprints International School Library Network Toul Tom Poung Campus Footprints International School Library Network Toul Tom Poung Campus TTP Primary Yellow Bookshelves 08/26/2025   DIS 808.068 PZ7.D6224 C FISBK05850 08/26/2025 08/26/2025 Books 3